000 00464nam a2200217Ia 4500
003 IT-RoPAU
008 120407s9999 xx 000 0 und d
040 _aIT-RoPAU
040 _cIT-RoPAU
041 _alat
100 _aAugust Lehmkuhl
245 _aCasus conscientiae. II: De sacramentis. 4^ ed.
250 _aFriburgi
260 _aHerder
260 _c1913
300 _a614 p.
300 _c24 cm
490 _v1
942 _cBK
999 _c36059
_d36059